000
002410000a22000970004500
100
1
_a
Renkema, J.
245
1
0
_a
A note on Jeremiah 28:5
300
_a
Vol. 47, Num. 2 (Abril, 1997), Páginas 253-255
773
0
_t
Vetus Testamentum
942
_c
ANA
999
_c
58110
_d
58110